Django by example (Record no. 31319)
[ view plain ]
| 000 -LEADER | |
|---|---|
| fixed length control field | 00319nam a2200169Ia 4500 |
| 082 ## - DEWEY DECIMAL CLASSIFICATION NUMBER | |
| Classification number | 4.65 |
| Item number | MEL |
| 100 ## - MAIN ENTRY--PERSONAL NAME | |
| Personal name | Mele/Antonio |
| 245 ## - TITLE STATEMENT | |
| Title | Django by example |
| 260 ## - PUBLICATION, DISTRIBUTION, ETC. | |
| Name of publisher, distributor, etc. | PACKT |
| Date of publication, distribution, etc. | 2015 |
| 366 ## - TRADE AVAILABILITY INFORMATION | |
| Publishers's discount category | 20 |
| 300 ## - PHYSICAL DESCRIPTION | |
| Extent | 445 |
| 546 ## - LANGUAGE NOTE | |
| Language note | ENGLISH |
| 650 ## - SUBJECT ADDED ENTRY--TOPICAL TERM | |
| Topical term or geographic name entry element | django |
| 654 ## - SUBJECT ADDED ENTRY--FACETED TOPICAL TERMS | |
| Focus term | django |
| 942 ## - ADDED ENTRY ELEMENTS (KOHA) | |
| Koha item type | BOOK |
| Withdrawn status | Lost status | Damaged status | Not for loan | Collection | Home library | Current library | Date acquired | Source of acquisition | Cost, normal purchase price | Inventory number | Total Checkouts | Total Renewals | Full call number | Barcode | Date last seen | Date last checked out | Cost, replacement price | Price effective from | Koha item type |
|---|---|---|---|---|---|---|---|---|---|---|---|---|---|---|---|---|---|---|---|
| CRC | Fr. Agnel's C.Rodrigues College of Engineering | AGNEL TECHNICAL COLLEGE LIBRARY | 17/03/2023 | Allied Publisher | 959.20 | 354 dt 10.07.2018 | 1 | 1 | 4.65 MEL | 25322 | 04/01/2025 | 30/10/2024 | 1199.00 | BOOK | |||||
| CRC | Fr. Agnel's C.Rodrigues College of Engineering | AGNEL TECHNICAL COLLEGE LIBRARY | 17/03/2023 | Allied Publisher | 959.20 | 354 dt 10.07.2018 | 2 | 1 | 4.65 MEL | 25323 | 29/04/2025 | 17/04/2025 | 1199.00 | BOOK |